| 000 | 00639nam a22001817a 4500 | ||
|---|---|---|---|
| 003 | NUST | ||
| 038 | _aMr. Zahoor | ||
| 082 | _a670.5 | ||
| 100 |
_aMuhammad Hamad Sajjad _915419 |
||
| 245 |
_aREDUCTION IN REJECTION RATE POLYPROPYLENE BAGS AT SYNTRON LTD THROUGH IMPLEMENTATION OF SIX SIGMA / _cMuhammad Hamad Sajjad |
||
| 260 |
_aIslamabad : _bSMME - NUST, _c2012. |
||
| 300 | _aill, 85 p. ; | ||
| 500 | _aHardcover. | ||
| 600 | _2Industrial & Manufacturing Engineering - MS Thesis | ||
| 700 |
_aSupervisor : Dr. Shahid Ikramullah Butt _9119623 |
||
| 856 | _u http://10.250.8.41:8080/xmlui/handle/123456789/9028 | ||
| 942 |
_2ddc _cTHE |
||
| 999 |
_c524616 _d524616 |
||